Countries The USA Has Declared War On - Statistics

General Stats
  • This quiz has been taken 59 times
  • The average score is 8 of 10
Answer Stats
Declared war in Country % Correct
1812 United Kingdom
98%
1917, 1941 Germany
96%
1941 Japan
96%
1941 Italy
94%
1846 Mexico
92%
1898 Spain
92%
1917 Austria-Hungary
73%
1942 Bulgaria
59%
1942 Hungary
59%
1942 Romania
53%
No matching quizzes found
Score Distribution
Percent of People with Each Score
Percentile by Number Answered
Your Score History
You have not taken this quiz